Pharaons d'Egypte Antique (Nouvel Empire) - Statistiques

Statistiques générales
  • Ce quiz a été pris 13 fois
  • Le résultat moyen est 12 sur 34
Statistiques - réponses
Dates Nom % Correct
-1539 -1514 Ahmosis
67%
-1425 -1398 Amenhotep II
50%
-1388 -1349 Amenhotep III
50%
-1349 -1333 Amenhotep IV / Akhénaton
50%
-1479 -1458 Hatchepsout
50%
-1279 -1212 Ramsès II
50%
-1493 -1482 Thoutmosis Ier
50%
-1482 -1479 Thoutmosis II
50%
-1479 -1425 Thoutmosis III
50%
-1398 -1388 Thoutmosis IV
50%
-1539 -1295 XVIIIe dynastie
50%
-1514 -1493 Amenhotep Ier
33%
-1320 -1310 Aÿ
33%
-1310 -1295 Horemheb
33%
-1295 -1294 Ramsès Ier
33%
-1184 -1153 Ramsès III
33%
-1153 -1148 Ramsès IV
33%
-1125 -1106 Ramsès IX
33%
-1148 -1144 Ramsès V
33%
-1144 -1136 Ramsès VI
33%
-1136 -1128 Ramsès VII
33%
-1128 -1125 Ramsès VIII
33%
-1106 -1103 Ramsès X
33%
-1103 -1069 Ramsès XI
33%
-1294 -1279 Séthi Ier
33%
-1202 -1196 Séthi II
33%
-1188 -1184 Sethnakht
33%
-1212 -1202 Méremptah
17%
-1196 -1190 Siptah
17%
-1190 -1188 Taousert
17%
-1295 -1188 XIXe dynastie
17%
-1188 -1069 XXe dynastie
17%
-1333 -1330 Smenkhkrarê puis Néfernéférouaton
0%
-1330 -1320 Toutânkhamon
0%
Aucun quiz correspondant
Distribution des résultats
% des personnes avec chaque résultat
Percentile par nombre de réponses
Votre historique - résultats
Vous n’avez pas pris ce quiz